000 00340nam a22001097a 4500
008 230621b xxu||||| |||| 00| 0 eng d
082 _a328.30
_bCPA
245 _aReports of the Executive Committee 1977-78 and The General Assembly Jamaica, 1978
260 _aLondon
_bCommonwealth Parliamentary Association
300 _a165p
942 _2ddc
_cBK
999 _c2062
_d2062